00715nam a2200241 a 4500001001300000003000900013005001700022008004100039020001200080082001500092100002500107245004400132260004300176300000900219500003500228505002400263650001600287700002500303902000800328942000700336952011500343999001500458nice12345678IN_TiNIC20260116012104.0050524s1971 lona grp 000 0 eng  ac547.500a940.3bBUS aBusch, Briton Cooper aBritain, India, and the Arabs 1914-1921 aLondonbUniversity of Californiac1971 a522p aincludes index and biblioraphy2 aBibliography, Index aWorld War 11 aBusch, Briton Cooper bSRS cBK 001040708StackRoom-aHMIbHMId2007-04-02g547.50l0o940.3 BUSp07488r2007-04-02v547.50w2005-05-24yBK c5593d5593